| Tag |
First Indicator |
Second Indicator |
Subfields |
| LEADER |
00000cam a2200000 a 4500 |
| 001 |
in00000016636 |
| 005 |
20151007052825.0 |
| 008 |
870506s1987 wiua b 10000 eng |
| 010 |
|
|
|a 87012849
|
| 020 |
|
|
|a 0891187839 (pbk.)
|
| 035 |
|
|
|a (OCoLC)15792232
|
| 035 |
|
|
|9 AAA9329AM
|
| 040 |
|
|
|a DLC
|c DLC
|d TXA
|d UtOrBLW
|
| 049 |
|
|
|a TXAM
|c [A11489646]
|
| 050 |
0 |
0 |
|a S592.14
|b .S65 1987
|
| 082 |
0 |
|
|a 631.4/7/028
|2 19
|
| 245 |
0 |
0 |
|a Soil survey techniques :
|b proceedings of a symposium sponsored by Division S-5, "Soil Genesis, Morphology, and Classification," of the Soil Science Society of America, 4 Dec. 1985, in Chicago, IL /
|c editors, W.U. Reybold and G.W. Petersen.
|
| 264 |
|
1 |
|a Madison, Wisc., USA :
|b Soil Science Society of America,
|c 1987.
|
| 300 |
|
|
|a ix, 98 pages :
|b illustrations ;
|c 23 cm.
|
| 336 |
|
|
|a text
|b txt
|2 rdacontent
|
| 337 |
|
|
|a unmediated
|b n
|2 rdamedia
|
| 338 |
|
|
|a volume
|b nc
|2 rdacarrier
|
| 490 |
1 |
|
|a SSSA special publication ;
|v no. 20
|
| 500 |
|
|
|a 1985 annual meeting of the Soil Science Society of America.
|
| 504 |
|
|
|a Includes bibliographies.
|
| 650 |
|
0 |
|a Soil surveys
|x Congresses.
|
| 700 |
1 |
|
|a Reybold, William U.
|q (William Umstd),
|d 1932-
|
| 700 |
1 |
|
|a Petersen, Gary W.,
|d 1930-
|
| 710 |
2 |
|
|a Soil Science Society of America.
|b Division S-5.
|
| 710 |
2 |
|
|a Soil Science Society of America.
|b Meeting
|d (1985 :
|c Chicago, Ill.)
|
| 830 |
|
0 |
|a SSSA special publication ;
|v no. 20.
|
| 999 |
|
|
|a MARS
|
| 999 |
f |
f |
|s 5bfbdebe-4ed5-35e0-a009-a572e5155d9b
|i 4d35d777-5fd5-39ed-87a2-e02c874612b0
|t 0
|
| 952 |
f |
f |
|p ric
|a Texas A&M University
|b Rellis Campus
|c Joint Library Facility
|d Remote Storage
|t 0
|e S592.14 .S65 1987
|h Library of Congress classification
|i unmediated -- volume
|m A14811489646
|
| 998 |
f |
f |
|a S592.14 .S65 1987
|t 0
|l Remote Storage
|